00347 a2200109 4500001000900000005001700009008004100026245007600067100002900143700002300172773004200195ART_605220260410161618.0260409a 10aDirectores de S.A. Sistema de elección por voto acumulativo (Parte 2)1 aSenderovich, Isaac Aizik1 aBerenstein, Regina0 tEnfoquesg- Nº 1 (ene. 2008)wREV416